Mitos, leyendas y rituales de los semitas occidentales

Salvato in:
Dettagli Bibliografici
Autore principale: Olmo Lete, Gregorio del (autor)
Natura: Libro
Lingua:spagnolo
Pubblicazione: Barcelona Trotta 1998
Serie:Pliegos de Oriente. Serie Próximo Oriente
Soggetti:
Tags: Aggiungi Tag
Nessun Tag, puoi essere il primo ad aggiungerne!!

MARC

LEADER 00000nam a2200000 a 4500
001 UCM9877
003 CL-VaPUC
008 030530e19980000SP |||||||||||||||||spa|d
082 0 4 |a 299.2  |b OLM  |2 21 
100 |a Olmo Lete, Gregorio del  |e autor  |9 556801 
245 1 0 |a Mitos, leyendas y rituales de los semitas occidentales 
300 |a 315 p 
942 |c BK 
945 |d 20030530 00:00:00  |a rbrito 
260 |a Barcelona  |b Trotta  |c 1998 
650 7 |a SEMITAS  |2 CL-VaPUC  |9 476497 
651 7 |a SIRIA  |2 CL-VaPUC  |9 368815 
651 0 |a Palestina  |9 324189 
583 |a last modification  |c 20030530 00:00:00  |k Rodrigo Vera 
490 0 |a Pliegos de Oriente. Serie Próximo Oriente 
999 |c 303959  |d 303957 
952 |0 0  |1 0  |4 0  |6 299_200000000000000_OLM_1998  |7 0  |8 A  |9 365640  |a BIBTEO  |b BIBTEO  |d 2019-11-21  |i 3843777  |o 299.2 OLM 1998  |p 3843777  |r 2025-01-17  |w 2019-11-21  |y BK  |k ICR